000 00643nam a2200205 i 4500
001 75607
003 ES-MaACL
005 20250820152141.0
007 t|
008 040927s1957 sp ||||1| spa d
100 1 _aGrousset, René.
_960211
245 1 0 _aBalance de la historia /
_cRené Grousset ; [traducción y prólogo de J. García Mercadal].
260 _aMadrid :
_bPegaso,
_c[1957] (
_fPablo López)
300 _aXIV, 281 p. ;
_c19 cm.
490 1 _aNuestra época
700 1 _aGarcía Mercadal, J.,
_d1883-1975
_9164264
830 0 _aNuestra época
_9183499
852 _aES-MaACL
_jC-15143
_bR.43099
999 _c75607
_d75607